Desigualdades socioambientales en América Latina / (Registro nro. 17864)
[ vista simple ]
| 000 -CABECERA | |
|---|---|
| Campo de control | 01289cam a22003255i 4500 |
| 005 - FECHA Y HORA DE LA ULTIMA TRANSACCION | |
| Campo de control | 20191224042227.0 |
| 008 - ELEMENTOS DE LONGITUD FIJA—INFORMACION GENERAL | |
| Campo de control | 150418s2014 ck 000 0 spa |
| 020 ## - ISBN | |
| ISBN | 9789587752212 |
| 040 ## - FUENTE DE CATALOGACIÓN | |
| Agencia catalogadora original | DLC |
| Agencia transcriptora | DLC |
| Agencia Modificadora | CO-BoIAVH |
| 041 0# - IDIOMA | |
| Código de idioma para texto/pista de sonido o título separado | Español |
| 044 ## - PAÍS DE PUBLICACIÓN | |
| País de publicación | Colombia |
| 082 04 - NUMERO DE CLASIFICACION DECIMAL DEWEY | |
| Número de clasificación | 333.714 |
| Número del ítem | G29d |
| 245 00 - MENCION DE TITULO | |
| Título | Desigualdades socioambientales en América Latina / |
| Mención de responsabilidad | Barbara Göbel, Manuel Góngora-Mera, Astrid Ulloa, editores. |
| 260 ## - PUBLICACION, DISTRIBUCION, ETC. (PIE DE IMPRENTA) | |
| Lugar de publicación, distribución, etc. | Bogotá (Colombia) : |
| Nombre del editor, distribuidor, etc. | Ibero-Amerikanisches Institut, |
| Fecha de publicación, distribución, etc. | 2014. |
| 300 ## - DESCRIPCION FISICA | |
| Extensión | 507 páginas : |
| Dimensiones | 23 cm. |
| 490 0# - MENCION DE SERIE | |
| Mención de serie | Colección general. Biblioteca abierta. Perspectivas ambientales ; |
| Designación numérica/secuencial del volumen | 430 |
| 500 ## - NOTA GENERAL | |
| Nota general | Incluye índices de materias y lugares. |
| 650 #4 - ASIENTO SECUNDARIO DE MATERIA - TERMINO TEMATICO | |
| Término temático o nombre geográfico como elemento de entrada | Medio ambiente y sociedad |
| Subdivisión geográfica | América Latina |
| 9 (RLIN) | 87964 |
| 650 #4 - ASIENTO SECUNDARIO DE MATERIA - TERMINO TEMATICO | |
| Término temático o nombre geográfico como elemento de entrada | Desigualdad socioambiental |
| 9 (RLIN) | 87965 |
| 650 #6 - ASIENTO SECUNDARIO DE MATERIA - TERMINO TEMATICO | |
| Término temático o nombre geográfico como elemento de entrada | Medio Ambiente |
| Subdivisión general | Aspectos sociales |
| 9 (RLIN) | 87966 |
| 650 #6 - ASIENTO SECUNDARIO DE MATERIA - TERMINO TEMATICO | |
| Término temático o nombre geográfico como elemento de entrada | Agroindustria |
| 9 (RLIN) | 1890 |
| 650 #4 - ASIENTO SECUNDARIO DE MATERIA - TERMINO TEMATICO | |
| Término temático o nombre geográfico como elemento de entrada | Hombres |
| Subdivisión general | Influencia del medio ambiente |
| 9 (RLIN) | 87968 |
| 650 #4 - ASIENTO SECUNDARIO DE MATERIA - TERMINO TEMATICO | |
| Término temático o nombre geográfico como elemento de entrada | Derecho internacional ambiental |
| 9 (RLIN) | 87969 |
| 650 #4 - ASIENTO SECUNDARIO DE MATERIA - TERMINO TEMATICO | |
| Término temático o nombre geográfico como elemento de entrada | Fragmentación del derecho internacional |
| 9 (RLIN) | 87970 |
| 650 #4 - ASIENTO SECUNDARIO DE MATERIA - TERMINO TEMATICO | |
| Término temático o nombre geográfico como elemento de entrada | Cambio climático |
| Subdivisión general | Aspectos sociales |
| 9 (RLIN) | 87971 |
| 700 1# - ASIENTO SECUNDARIO - NOMBRE PERSONAL | |
| Nombre personal | Göbel, Barbara |
| Término de relación | editora. |
| 9 (RLIN) | 41539 |
| 700 1# - ASIENTO SECUNDARIO - NOMBRE PERSONAL | |
| Nombre personal | Góngora Mera, Manuel |
| Término de relación | editor. |
| 9 (RLIN) | 87972 |
| 700 1# - ASIENTO SECUNDARIO - NOMBRE PERSONAL | |
| Nombre personal | Ulloa, Astrid |
| Término de relación | editora. |
| 9 (RLIN) | 4870 |
| 942 ## - ELEMENTOS ADICIONALES (KOHA) | |
| Sistema de clasificación | Dewey Decimal Classification |
| Tipo de ítem | Libro |
| Withdrawn status | Lost status | Sistema de Clasificación | Damaged status | No para préstamo | Colección | Inventariado | Ubicación Permanente | Ubicación actual | Fecha de adquisición | Fuente de Valor | Valor | Total Checkouts | Número topográfico | Inventario / Código de Barras | Date last seen | Ejemplar | Price effective from | Tipo de material |
|---|---|---|---|---|---|---|---|---|---|---|---|---|---|---|---|---|---|---|
| Dewey Decimal Classification | General | Inventariado 2017 | Bogotá | Bogotá | 13/11/2015 | Instituto | 39000.00 | LB-333.714 G29d | 039366 | 13/11/2015 | Ej. 1 | 13/11/2015 | Libro |